Renziho plán pre Afriku
Európa si vytipovala kľúčové africké krajiny a chce ich motivovať na spoluprácu pri riešení migračnej krízy.
Salvato in:
| Autore principale: | |
|---|---|
| Natura: | Capitolo di libro |
| Lingua: | slovacco |
| Soggetti: | |
| Tags: |
Nessun Tag, puoi essere il primo ad aggiungerne!!
|
MARC
| LEADER | 00000naa a2200000 4500 | ||
|---|---|---|---|
| 001 | 0219331 | ||
| 005 | 20231113105316.6 | ||
| 041 | 0 | |a slo | |
| 044 | |a SK | ||
| 245 | 1 | 0 | |a Renziho plán pre Afriku |c Jakub Dospiva |
| 520 | |a Európa si vytipovala kľúčové africké krajiny a chce ich motivovať na spoluprácu pri riešení migračnej krízy. | ||
| 610 | 2 | 0 | |a Afrika |
| 610 | 2 | 0 | |a Európska únia |
| 610 | 2 | 0 | |a politika migračná |
| 610 | 2 | 0 | |a politika medzinárodná |
| 610 | 2 | 0 | |a spolupráca medzinárodná |
| 100 | 1 | |a Dospiva, Jakub | |